| 000 | 01054nam a22002417a 4500 | ||
|---|---|---|---|
| 001 | 8465 | ||
| 003 | FISKH | ||
| 005 | 20260319151519.0 | ||
| 008 | 250915b cb ||||| |||| 00| 0 eng d | ||
| 020 | _a9780007531066 | ||
| 040 |
_aFISKH _beng _cFISKH _dFISKH |
||
| 082 | _a793.73 | ||
| 100 | _aAnonymous | ||
| 245 |
_aWhere's Hello Kitty? : _bFun in the city / _cBy Anonymous |
||
| 260 |
_aLondon : _bHarperCollins Children's Books , _c2014. |
||
| 300 |
_a30 unnumbered pgaes : _bcolor illustrations ; _c28 cm . |
||
| 505 | _aJ | ||
| 520 | _aCan you find Hello Kitty in the glamorous city locations? Hello Kitty is visiting London, Paris and New York but there are lots of lookalikes. Your task is to find the real Hello Kitty in every scene. It's harder than you think. Hours of entertainment will be had as you scan the pages looking for Hello Kitty and her friends! The latest in the bestselling Where's Hello Kitty series. | ||
| 521 | 8 |
_a500
_bLexile estimate |
|
| 521 | 8 |
_aJ
_bRaz-Plus |
|
| 942 |
_2ddc _cBK _n0 |
||
| 999 |
_c8465 _d8465 |
||